Zmeny v posudzovaní nároku na nemocenské dávky účinné od 1. januára 2011

Zmeny v posudzovaní nároku na nemocenské dávky účinné od 1. januára 2011. Novela zákona, ktorou sa mení a dopĺňa zákon č. 461/2003 Z. z. o sociálnom poistení v z. n. p., a o zmene a doplnení niektorých zákonov. Zmeny v oblasti nemocenských dávok, ktoré sa týkajú všetkých druhov nemocenských poistení...

Full description

Saved in:
Bibliographic Details
Main Author: Bosáková, Katarína
Other Authors: Mozolová Hulanská, Dalma
Format: Book Chapter
Language:Slovak
Subjects:
Tags: Add Tag
No Tags, Be the first to tag this record!

MARC

LEADER 00000nla$a2200000$$$4500
001 0136968
005 20220729105304.5
041 0 |a slo 
044 |a SK 
245 1 0 |a Zmeny v posudzovaní nároku na nemocenské dávky účinné od 1. januára 2011  |c Katarína Bosáková, Dalma Mozolová Hulanská 
520 |a Zmeny v posudzovaní nároku na nemocenské dávky účinné od 1. januára 2011. Novela zákona, ktorou sa mení a dopĺňa zákon č. 461/2003 Z. z. o sociálnom poistení v z. n. p., a o zmene a doplnení niektorých zákonov. Zmeny v oblasti nemocenských dávok, ktoré sa týkajú všetkých druhov nemocenských poistení (povinného nemocenského poistenia zamestnanca, resp. samostatne zárobkovo činnej osoby, a dobrovoľného nemocenského poistenia). 
610 2 0 |a poistenie sociálne 
610 2 0 |a poistenie nemocenské 
610 2 0 |a poistenci 
610 2 0 |a zamestnanci 
610 2 0 |a osoby samostatne zárobkovo činné 
610 2 0 |a základ vymeriavací 
610 2 0 |a dávky poistenia nemocenského 
610 2 0 |a novelizácia 
610 2 0 |a zákony 
100 1 |a Bosáková, Katarína 
700 1 |a Mozolová Hulanská, Dalma